Mahābhāṣyaṭīkā. (Record no. 65506)

MARC details
000 -LEADER
fixed length control field 01085cam a22003131 4500
001 - CONTROL NUMBER
control field sa 65008038
003 - CONTROL NUMBER IDENTIFIER
control field DLC
005 - DATE AND TIME OF LATEST TRANSACTION
control field 20260227112153.0
008 - FIXED-LENGTH DATA ELEMENTS--GENERAL INFORMATION
fixed length control field 890829m19659999ii 000 0 sano
010 ## - LIBRARY OF CONGRESS CONTROL NUMBER
LC control number sa 65008038
035 ## - SYSTEM CONTROL NUMBER
System control number (OCoLC)20275208
040 ## - CATALOGING SOURCE
Original cataloging agency DLC
Transcribing agency WaU
Modifying agency DLC
042 ## - AUTHENTICATION CODE
Authentication code premarc
050 00 - LIBRARY OF CONGRESS CALL NUMBER
Classification number PK531
Item number .B4
100 0# - MAIN ENTRY--PERSONAL NAME
Personal name Bhartr̥hari.
245 10 - TITLE STATEMENT
Title Mahābhāṣyaṭīkā.
260 ## - PUBLICATION, DISTRIBUTION, ETC.
Date of publication, distribution, etc. [1965-
300 ## - PHYSICAL DESCRIPTION
Extent v.
Dimensions 25 cm.
440 #0 - SERIES STATEMENT/ADDED ENTRY--TITLE
Title Hindu Vishvavidyalaya Nepal Rajya Sanskrit series,
Volume/sequential designation v. 11
500 ## - GENERAL NOTE
General note Added t.p. in English.
500 ## - GENERAL NOTE
General note In Sanskrit; foreword and pref. in English.
500 ## - GENERAL NOTE
General note Bhartr̥hari's work is a commentary on the Mahābhāṣya of Patañjali, which is in turn a commentary on the sūtras of Pāṇini and the vārttikas of Kātyāyana.
500 ## - GENERAL NOTE
General note "Thesis approved for the degree of M. Litt. of the University of Madras in 1956."
650 #0 - SUBJECT ADDED ENTRY--TOPICAL TERM
Topical term or geographic name entry element Sanskrit language
General subdivision Grammar.
700 0# - ADDED ENTRY--PERSONAL NAME
Personal name Patañjali.
700 0# - ADDED ENTRY--PERSONAL NAME
Personal name Pāṇini.
700 0# - ADDED ENTRY--PERSONAL NAME
Personal name Kātyāyana,
Dates associated with a name active 4th or 3rd century B.C.
700 1# - ADDED ENTRY--PERSONAL NAME
Personal name Swaminathan, V.

No items available.

Powered by Koha